Sports - Statistics

General Stats
  • This quiz has been taken 25 times
  • The average score is 4 of 5
Answer Stats
Question Answer % Correct
You use a ball and people on a court. Basketball
100%
You use a ball and a bat. Baseball
86%
You use a board, ball, and a glove. Cricket
82%
You use a ball and people on a field. Football
77%
You use a round ball and people on a field. Soccer
77%
No matching quizzes found
Score Distribution
Percent of People with Each Score
Percentile by Number Answered
Your Score History
You have not taken this quiz